000 00932nam a2200289 i 4500
003 EG-GICUC
005 20260301212307.0
008 260213s1891 ffr ||||fr|| 000 0 fffredd
040 _aEG-GiCUC
_bfre
_cEG-GiCUC
_dEG-GiCUC
_eRda
082 0 4 _221
_a341.83044
_bLA . E
092 0 4 _221
099 _aLaw1 12 341.83044 LA . E 1891
100 1 _aLaget, Louis
_eAuteur
245 1 0 _aEssai Sur La Condition Juridique Des Français en Égypt /
_cLouis Laget.
_b
_n
264 1 _aParis :
_bA. Giard, Libraire-éditeur,
_c1891.
300 _a275page :
_billustration ;
_c 24 cm.
336 _2rda contenu
_a texte
337 _2rda medias
_aOrdinateur
338 _2 transporteur rda
_a Ressource en ligne
504 _a
546 _aTexte en français
650 1 4 _aDroit international privé
_2
651 1 _2
856 4 0 _uhttps://fll.law.cu.edu.eg/fulltext/bks/B12-02220.pdf
905 _a50
942 _2ddc
_cBK
_e21
_n0
999 _c63022
_d63022